000 00404nam a2200145Ia 4500
008 240729s9999 xx 000 0 und d
022 _a2831-5332
245 0 _aEducational Technology Quarterly
260 _aUkraine
260 _bAcademy of Cognitive and Natural Sciences
650 _aEducation
856 _uhttps://doaj.org/toc/bc6ea21adc534e63bd90bd83e96ff937
942 _2ddc
942 _cDOAJEJ
999 _c70729
_d70729
945 _a1
_bMadushi Gamage
_c1
_dMadushi Gamage